India's muslims: (Record no. 52714)
[ view plain ]
| 000 -LEADER | |
|---|---|
| fixed length control field | 01617nam a22002777a 4500 |
| 005 - DATE AND TIME OF LATEST TRANSACTION | |
| control field | 20110603103952.0 |
| 010 ## - LCCN (DPL NO) | |
| LC control number | B-430983-984 |
| 020 ## - INTERNATIONAL STANDARD BOOK NUMBER | |
| International Standard Book Number | 9780195691986 |
| Terms of availability | 850.00 |
| 020 ## - INTERNATIONAL STANDARD BOOK NUMBER | |
| International Standard Book Number | 0195691989 |
| Terms of availability | 850.00 |
| 035 ## - SYSTEM CONTROL NUMBER | |
| System control number | B-430983-984 |
| 037 ## - SOURCE OF ACQUISITION | |
| Source of stock number/acquisition | Allied Publishers/VEN |
| 082 14 - DEWEY DECIMAL CLASSIFICATION NUMBER | |
| Classification number | 305.6971054 |
| 245 1# - TITLE STATEMENT | |
| Title | India's muslims: |
| Remainder of title | an omnibus/ |
| 260 ## - PUBLICATION, DISTRIBUTION, ETC. (IMPRINT) | |
| Place of publication, distribution, etc | New Delhi |
| Name of publisher, distributor, etc | Oxford University Press |
| Date of publication, distribution, etc | 2008 |
| 300 ## - PHYSICAL DESCRIPTION | |
| Extent | (xvii, xxx, 386p.; xxiii, 271p.; xiii, 383p.) |
| Dimensions | 22cm (Hb ) |
| 500 ## - GENERAL NOTE | |
| General note | This is an artificial composite book & 3 parts bounded together having their own title & a common title. |
| 500 ## - GENERAL NOTE | |
| General note | Includes bibliographical references and index |
| 505 ## - FORMATTED CONTENTS NOTE | |
| Formatted contents note | Islamic revival in British India: Deoband, 1860-1900 by Barbara Daly Metcalf - The Bengal Muslims, 1876-1901: a quest for identity by Rafiuddin Ahmed - Legacy of a divided nation: India's Muslims since independence by Mushirul Hasan |
| 650 ## - SUBJECT ADDED ENTRY--TOPICAL TERM | |
| Topical term or geographic name as entry element | Muslims |
| General subdivision | India |
| Chronological subdivision | Political activity. |
| 650 ## - SUBJECT ADDED ENTRY--TOPICAL TERM | |
| Topical term or geographic name as entry element | India |
| General subdivision | Politics and government |
| 700 ## - ADDED ENTRY--PERSONAL NAME | |
| Personal name | Mushirul Hasan |
| 9 (RLIN) | 28399 |
| 942 ## - ADDED ENTRY ELEMENTS (KOHA) | |
| Institution code [OBSOLETE] | dpl |
| Item type | English Books |
| Source of classification or shelving scheme | Dewey Decimal Classification |
| Classification part | 305.6971054 |
| Call number suffix | IND |
| Withdrawn status | Lost status | Not for loan | Collection code | Home library | Current library | Date acquired | Source of acquisition | Cost, normal purchase price | Full call number | Barcode | Copy number | Cost, replacement price | Koha item type |
|---|---|---|---|---|---|---|---|---|---|---|---|---|---|
| Non-fiction | Central Library | Central Library | 30/06/2011 | Allied Pub/2951/29.3.11/78/14.3.11/31.3.11 | 850.00 | 305.6971054 IND | B-430983 | 1 | 850.00 | English Books | |||
| Non-fiction | Sarojini Nagar | Sarojini Nagar | 30/06/2011 | Allied Pub/2951/29.3.11/78/14.3.11/31.3.11 | 850.00 | 305.6971054 IND | B-430984 | 1 | 850.00 | English Books |
